| 000 | 00478nam a2200157 i 4500 | ||
|---|---|---|---|
| 001 | 63069 | ||
| 003 | ES-MaACL | ||
| 005 | 20230906164800.0 | ||
| 007 | t| | ||
| 008 | 031128s1969 sp ||||1| spa d | ||
| 100 | 1 |
_aFernández-Quintanilla, César. _950018 |
|
| 245 | 1 | 0 |
_aConstrucciones para el ganado vacuno / _cCésar Fernández Quintanilla. |
| 260 |
_aMadrid : _bMundi-Prensa, _c1969. |
||
| 300 |
_a100 p., 8 lám. : _bil. ; _c22 cm. |
||
| 852 |
_aES-MaACL _jC-47316 _bR.69823 |
||
| 999 |
_c63069 _d63069 |
||